LEADER 01239nam a2200301 i 4500 001 991000650859707536 005 20020503193545.0 008 991011s1997 it ita 020 $a8843010093 035 $ab10108877-39ule_inst 035 $aLE02519804$9ExL 040 $aFac. Economia$bita 082 0 $a658.5752 100 1 $aMasino, Giovanni$0253455 245 10$aNuove regole di progettazione :$bopportunitą tecnologiche e scelte organizzative /$cGiovanni Masino 260 $aRoma :$bNIS,$c1997 300 $a271 p. ;$c22 cm 490 0 $aBiblioteca di testi e studi. Economia d'impresa ;$v42 650 4$aAziende industrialixOrganizzazione 650 4$aMicroelaboratori elettronici$xImpiego nella progettazione 650 4$aProgettazione 907 $a.b10108877$b08-02-19$c27-06-02 912 $a991000650859707536 945 $aLE025 ECO 658.5 MAS01.01$g1$i2025000174962$lle025$n2011$o-$pE17.00$q-$rl$s- $t0$u0$v0$w0$x0$y.i15335525$z19-10-11 945 $aLE025 ECO 658.5 MAS01.01$g2$i2025000065345$lle025$nCatalogato 2019$o-$pE0.00$q-$rl$s- $t0$u0$v0$w0$x0$y.i10127379$z27-06-02 996 $aNuove regole di progettazione$9197405 997 $aUNISALENTO 998 $ale025$b01-01-99$cm$da $e-$fita$git $h0$i1 LEADER 02315oam 2200613 450 001 9910712970803321 005 20200228091641.0 035 $a(CKB)5470000002498483 035 $a(OCoLC)867079611 035 $a(EXLCZ)995470000002498483 100 $a20140102d1997 ua 0 101 0 $aeng 135 $aurun||||a|a|| 181 $ctxt$2rdacontent 182 $cc$2rdamedia 183 $acr$2rdacarrier 200 10$aComparison of two surveys of hospitalization $ethe National Hospital Discharge Survey and the NHANES I Epidemiologic Followup Study /$fby Louise B. Russell, Edwin Milan, and Radha Jagannathan 210 1$aHyattsville, Maryland :$cU.S. Department of Health and Human Services, Centers for Disease Control and Prevention, National Center for Health Statistics,$d1997. 215 $a1 online resource (iii, 16 pages) $cillustrations 225 1 $aVital and health statistics. Series 2, Data evaluation and methods research ;$vno. 123 225 1 $aDHHS publication ;$vno. (PHS) 97-1397 300 $a"September 1997." 300 $a"7-0565 (9/97)"--Page 4 of cover. 320 $aIncludes bibliographical references (page 11). 517 $aComparison of two surveys of hospitalization 606 $aHospital utilization$zUnited States$vStatistics 606 $aMedical care surveys$zUnited States 606 $aHospital utilization$2fast 606 $aMedical care surveys$2fast 607 $aUnited States$2fast 608 $aStatistics.$2fast 608 $aStatistics.$2lcgft 615 0$aHospital utilization 615 0$aMedical care surveys 615 7$aHospital utilization. 615 7$aMedical care surveys. 700 $aRussell$b Louise B.$085677 702 $aMilan$b Edwin 702 $aJagannathan$b Radha 712 02$aNational Hospital Discharge Survey (U.S.) 712 02$aNational Health and Nutrition Examination Survey (U.S.).$bEpidemiologic Followup Study. 712 02$aNational Center for Health Statistics (U.S.), 801 0$bOCLCE 801 1$bOCLCE 801 2$bOCLCO 801 2$bOCLCF 801 2$bOCLCQ 801 2$bW2U 801 2$bOCLCA 801 2$bGPO 906 $aBOOK 912 $a9910712970803321 996 $aComparison of two surveys of hospitalization$93525849 997 $aUNINA